[Event "Mittelfranken-chTB2b 1314"]
[Site "Mittelfranken"]
[Date "2014.03.30"]
[Round "8.4"]
[White "Rink, Florian"]
[Black "Kramer, Manuel"]
[Result "1-0"]
[WhiteElo "1913"]
[BlackElo "1851"]
[PlyCount "79"]
[EventDate "2013.10.20"]
[EventType "team-tourn"]
[EventRounds "9"]
[EventCountry "GER"]
[SourceTitle "EXT 2020"]
[Source "ChessBase"]
[SourceDate "2019.10.17"]
[SourceVersion "1"]
[SourceVersionDate "2019.10.17"]
[SourceQuality "1"]
[WhiteTeam "Uttenreuth"]
[BlackTeam "Bubenreuth/Moehrendorf"]
[WhiteTeamCountry "GER"]
[BlackTeamCountry "GER"]

1. d4 e6 2. c4 d5 3. Nc3 Nf6 4. cxd5 exd5 5. Bg5 Be7 6. e3 h6 7. Bxf6 Bxf6 8. Bd3 0-0 9. Qc2 b6 10. 0-0-0 Bb7 11. Nge2 Nd7 12. Nf4 c6 13. Kb1 Rc8 14. Qe2 Be7 15. h4 Bd6 16. Nh5 Nf6 17. Nxf6+ Qxf6 18. g4 Rfe8 19. g5 Qe6 20. gxh6 Qxh6 21. Rhg1 Be7 22. Rg4 Bf6 23. Qf3 Rc7 24. Ne2 c5 25. Ng3 Bc8 26. Bf5 Kf8 27. Bxc8 Rexc8 28. Nf5 Qh7 29. a3 cxd4 30. exd4 a5 31. Ka2 Rd8 32. Rdg1 g6 33. Ne3 Qh5 34. Qxf6 Rdc8 35. Rxg6 Ke8 36. Rg8+ Kd7 37. Rxc8 Kxc8 38. Qf5+ Qxf5 39. Nxf5 Rc2 40. Rg2 1-0